00340nam a2200133Ia 4500008004100000020001500041041001200056082001600068100001800084245005200102260003600154300000800190650000800198221030s9999 xx 000 0 und d a8121902592 aEnglish a105.23bThe aB. L. Thereja 0aBasic Electronics Solid Statecby B. L. Thereja bS. Chand & Co.aNew Delhic2000 a636 aECE